<?xml version="1.0" encoding="UTF-8"?>
<record
    xmlns:xsi="http://www.w3.org/2001/XMLSchema-instance"
    xsi:schemaLocation="http://www.loc.gov/MARC21/slim http://www.loc.gov/standards/marcxml/schema/MARC21slim.xsd"
    xmlns="http://www.loc.gov/MARC21/slim">

  <leader>03910njm a2200505Ia 4500</leader>
  <controlfield tag="001">23801</controlfield>
  <controlfield tag="003">IT-RoPAU</controlfield>
  <controlfield tag="005">20220918181125.0</controlfield>
  <controlfield tag="008">131025s9999    xx            000 0 und d</controlfield>
  <datafield tag="040" ind1=" " ind2=" ">
    <subfield code="a">IT-RoPAU</subfield>
  </datafield>
  <datafield tag="040" ind1=" " ind2=" ">
    <subfield code="c">IT-RoPAU</subfield>
  </datafield>
  <datafield tag="041" ind1=" " ind2=" ">
    <subfield code="a">ITALIANO</subfield>
  </datafield>
  <datafield tag="999" ind1=" " ind2=" ">
    <subfield code="c">100108</subfield>
    <subfield code="d">100108</subfield>
  </datafield>
  <datafield tag="999" ind1=" " ind2=" ">
    <subfield code="b">n.d.</subfield>
  </datafield>
  <datafield tag="100" ind1=" " ind2=" ">
    <subfield code="a">AA.VV.</subfield>
    <subfield code="9">794</subfield>
  </datafield>
  <datafield tag="100" ind1=" " ind2=" ">
    <subfield code="e">Autore musica</subfield>
    <subfield code="9">5994</subfield>
  </datafield>
  <datafield tag="100" ind1=" " ind2=" ">
    <subfield code="g">Codice autore musica SPICS: 12000</subfield>
    <subfield code="9">796</subfield>
  </datafield>
  <datafield tag="245" ind1=" " ind2=" ">
    <subfield code="a">Splendori della lirica italiana-vol.2 (Lp Decca Oph 11)</subfield>
  </datafield>
  <datafield tag="250" ind1=" " ind2=" ">
    <subfield code="a">1a ed.</subfield>
  </datafield>
  <datafield tag="260" ind1=" " ind2=" ">
    <subfield code="a">LONDON</subfield>
  </datafield>
  <datafield tag="260" ind1=" " ind2=" ">
    <subfield code="b">DECCA RECORD COMPANY</subfield>
    <subfield code="c">1971 [1a Ed.:1971]</subfield>
  </datafield>
  <datafield tag="300" ind1=" " ind2=" ">
    <subfield code="a">DISCO</subfield>
  </datafield>
  <datafield tag="500" ind1=" " ind2=" ">
    <subfield code="a">Musica operistica. Musica classica. Opera lirica italiana</subfield>
  </datafield>
  <datafield tag="505" ind1=" " ind2=" ">
    <subfield code="a">Il barbiere di Siviglia: largo al factotum - La Sonnambula: vi ravviso/Ah! non giunge (Corena/Suther.) - Lucia di Lammermoor: chi mi frena (sestetto atto II) - Rigoletto: la donna &#xE8; mobile - La Traviata: preludio atto I Un d&#xEC; felice - Il Trovatore: stride la vampa, Di quella pira - Aida: celeste Aida (Bergonzi/Gavazzeni) - Cavalleria rusticana: no, no Turiddu - I Pagliacci: vesti la giubba - La Boheme: o soave fanciulla, Donde lieta usc&#xEC; - Madama Butterfly: un bel d&#xEC; vedremo - Otello: esultate!, Piangea cantando</subfield>
  </datafield>
  <datafield tag="511" ind1=" " ind2=" ">
    <subfield code="a">Ettore Bastianini &amp; Orchestra del Maggio Musicale Fiorentino diretti da Erede Alberto</subfield>
  </datafield>
  <datafield tag="511" ind1=" " ind2=" ">
    <subfield code="a">Corena Fernando, Sutherland Joan, Elkins M., Monti N., Foiani G. &amp; Orchestra e Coro del Maggio Musicale Fiorentino diretti da Bonynge Richard</subfield>
  </datafield>
  <datafield tag="511" ind1=" " ind2=" ">
    <subfield code="a">Orchestra e Coro Accademia Nazionale di Santa Cecilia diretta da Pritchard. Interpreti: John Sutherland, Joan Cioni, Renato Merrill, Robert Siepi, Cesare MacDonald, Kennethsatre Ana Raquel</subfield>
  </datafield>
  <datafield tag="511" ind1=" " ind2=" ">
    <subfield code="a">Luciano Pavarotti &amp; Royal Opera House Orchestra, Covent Gard diretti da Downes Edward</subfield>
  </datafield>
  <datafield tag="511" ind1=" " ind2=" ">
    <subfield code="a">Deutsche Opera Orchestra di Berlino diretta da Maazel Lorin</subfield>
  </datafield>
  <datafield tag="511" ind1=" " ind2=" ">
    <subfield code="a">Simionato Giulietta e Orchestra del Maggio Musicale Fiorentino diretti da Erede Alberto; Di quella pira: McGraken James &amp; Orchestra dell'Opera di Vienna Diretta Dadietfried Bernet</subfield>
  </datafield>
  <datafield tag="511" ind1=" " ind2=" ">
    <subfield code="a">Bergonzi Carlo e Orchestra dell'Accademia Naz. S. Cecilia-Rm diretti da Gavazzeni Gianandrea</subfield>
  </datafield>
  <datafield tag="511" ind1=" " ind2=" ">
    <subfield code="a">Suliotis Elena, Del Monaco Mario e Orchestra di Roma diretti da Varviso Silvio</subfield>
  </datafield>
  <datafield tag="511" ind1=" " ind2=" ">
    <subfield code="a">Del Monaco Mario e Orchestra dell'Accademia Naz. S. Cecilia diretti da Pradelli Molinari</subfield>
  </datafield>
  <datafield tag="511" ind1=" " ind2=" ">
    <subfield code="a">Tebaldi Renata, Bergonzi Carlo, Ettore Bastianini e Orchestra Dell'Accademia Nazionale di Santa Cecilia diretti da Serafin Tullio</subfield>
  </datafield>
  <datafield tag="511" ind1=" " ind2=" ">
    <subfield code="a">Tebaldi Renata &amp; Orchestra Nazionale di S. Cecilia in Roma diretti da Serafin Tullio</subfield>
  </datafield>
  <datafield tag="511" ind1=" " ind2=" ">
    <subfield code="a">Del Monaco Mario, Tebaldi Renata e l'Orchestra e Coro dell'Accademia Nazionale di Santa Cecilia diretti da Erede Alberto</subfield>
  </datafield>
  <datafield tag="650" ind1=" " ind2=" ">
    <subfield code="a">OPERA [DISCHI]</subfield>
    <subfield code="e">Codice MATERIA SPICS: 9950</subfield>
    <subfield code="9">961</subfield>
  </datafield>
  <datafield tag="700" ind1=" " ind2=" ">
    <subfield code="a">Rossini Gioachino</subfield>
    <subfield code="d">Codice autore musica SPICS: 11125</subfield>
    <subfield code="e">Autore musica</subfield>
    <subfield code="p">Il barbiere di Siviglia: largo al factotum</subfield>
    <subfield code="9">5995</subfield>
  </datafield>
  <datafield tag="700" ind1=" " ind2=" ">
    <subfield code="a">Bellini Vincenzo</subfield>
    <subfield code="d">Codice autore musica SPICS: 10722</subfield>
    <subfield code="e">Autore musica</subfield>
    <subfield code="p">La Sonnambula: vi ravviso/Ah! non giunge </subfield>
    <subfield code="9">5996</subfield>
  </datafield>
  <datafield tag="700" ind1=" " ind2=" ">
    <subfield code="a">Donizetti Gaetano</subfield>
    <subfield code="d">Codice autore musica SPICS: 10737</subfield>
    <subfield code="e">Autore musica</subfield>
    <subfield code="p">Lucia di Lammermoor: chi mi frena (sestetto atto II)</subfield>
    <subfield code="9">5997</subfield>
  </datafield>
  <datafield tag="700" ind1=" " ind2=" ">
    <subfield code="a">Verdi Giuseppe</subfield>
    <subfield code="d">Codice autore musica SPICS: 89</subfield>
    <subfield code="e">Autore musica</subfield>
    <subfield code="p">Rigoletto: la donna &#xE8; mobile - La Traviata: preludio atto I - Trovatore (Il): stride la vampa-Di quella pira - Aida: celeste Aida - Otello: esultate!-Piangea cantando</subfield>
    <subfield code="9">5998</subfield>
  </datafield>
  <datafield tag="700" ind1=" " ind2=" ">
    <subfield code="a">Mascagni Pietro</subfield>
    <subfield code="d">Codice autore musica SPICS: 11012</subfield>
    <subfield code="e">Autore musica</subfield>
    <subfield code="p">Cavalleria rusticana: no, no Turiddu</subfield>
    <subfield code="9">5999</subfield>
  </datafield>
  <datafield tag="700" ind1=" " ind2=" ">
    <subfield code="a">Leoncavallo Ruggiero</subfield>
    <subfield code="d">Codice autore musica SPICS: 11470</subfield>
    <subfield code="e">Autore musica</subfield>
    <subfield code="p">I Pagliacci: vesti la giubba</subfield>
    <subfield code="9">6000</subfield>
  </datafield>
  <datafield tag="700" ind1=" " ind2=" ">
    <subfield code="a">Puccini Giacomo</subfield>
    <subfield code="d">Codice autore musica SPICS: 11082</subfield>
    <subfield code="e">Autore musica</subfield>
    <subfield code="p">La Boheme: o soave fanciulla, Donde lieta usc&#xEC; - Madama Butterfly: un bel d&#xEC; vedremo</subfield>
    <subfield code="9">6001</subfield>
  </datafield>
  <datafield tag="942" ind1=" " ind2=" ">
    <subfield code="c">MD</subfield>
    <subfield code="2">ddc</subfield>
  </datafield>
  <datafield tag="952" ind1=" " ind2=" ">
    <subfield code="0">0</subfield>
    <subfield code="1">0</subfield>
    <subfield code="4">0</subfield>
    <subfield code="6">23801_000000000000000</subfield>
    <subfield code="7">1</subfield>
    <subfield code="a">SPICS</subfield>
    <subfield code="b">SPICS</subfield>
    <subfield code="d">2013-10-25</subfield>
    <subfield code="l">0</subfield>
    <subfield code="o">23801</subfield>
    <subfield code="r">2013-10-25 00:00:00</subfield>
    <subfield code="w">2013-10-25</subfield>
    <subfield code="y">MD</subfield>
    <subfield code="z">Progr. Ins.: 4648 / N.Vol.: 1 / Copie: 1 - Copia rara: n.d. / date import: 01.01.2014 - By Epidotti, Trombetti, Vaglietti</subfield>
  </datafield>
</record>
